| 000 | 01428cam a2200229 4500 | ||
|---|---|---|---|
| 001 | 4368 | ||
| 005 | 20181127173249.0 | ||
| 008 | 110602s2011 enkab b 001 0 eng d | ||
| 010 | _a 2011378910 | ||
| 020 | _a0198092377 | ||
| 020 | _a0199552029 | ||
| 020 | _a9780199661275 (pbk.) | ||
| 042 | _alccopycat | ||
| 100 | 1 |
_aMalone, David, _d1954- _4aut |
|
| 245 | 1 | 0 |
_aDoes the elephant dance? : _bcontemporary Indian foreign policy / _cDavid M. Malone. |
| 260 |
_aOxford ; _aNew York : _bOxford University Press, _c2014. |
||
| 300 |
_axxii, 425 p. : _bill., map ; _c24 cm. |
||
| 504 | _aIncludes bibliographical references (p. 379-410) and index. | ||
| 505 | 0 | _a1. Introduction -- 2. History: a vital foundation of India's international relations -- 3. India's contemporary security challenges: more internal than external? -- 4. India's economy: its global calling card -- 5. India and its South Asian neighbours -- 6. The Sino-Indian relationship: can two tigers share a mountain? -- 7. India-USA relations: the shock of the new -- 8. India's West Asia policy: delicate manoeuvres -- 9. India's East and Southeast Asia policy: catching up -- 10. India's relationships with Europe and Russia: fading glory? -- 11. The evolution of Indian multilateralism: from high ground to high table -- 12. Conclusions. | |
| 520 | _aSurveys the main features of contemporary Indian foreign policy. | ||
| 651 | 0 |
_aIndia _xForeign relations _y1984- |
|
| 999 |
_c3610 _d3610 |
||